C++ : (Record no. 87597)

MARC details
000 -LEADER
fixed length control field 00729nam a22002417a 4500
005 - DATE AND TIME OF LATEST TRANSACTION
control field 20140826151108.0
010 ## - LCCN (DPL NO)
LC control number ENG-110603
020 ## - INTERNATIONAL STANDARD BOOK NUMBER
International Standard Book Number 9788120349995
Terms of availability 795.00
035 ## - SYSTEM CONTROL NUMBER
System control number EN-94135
037 ## - SOURCE OF ACQUISITION
Source of stock number/acquisition DBAD/PUB
082 ## - DEWEY DECIMAL CLASSIFICATION NUMBER
Classification number 005.133
100 ## - MAIN ENTRY--PERSONAL NAME
Personal name Deitel, Paul
245 ## - TITLE STATEMENT
Title C++ :
Statement of responsibility, etc by Paul Deitel [and] Harvey Deitel
Remainder of title how to program /
250 ## - EDITION STATEMENT
Edition statement 9th ed
260 ## - PUBLICATION, DISTRIBUTION, ETC. (IMPRINT)
Place of publication, distribution, etc Delhi
Name of publisher, distributor, etc PHI Learning
Date of publication, distribution, etc 2014
270 ## - ADDRESS
Address Rimjhim House, 111, Patparganj Industrial Estate
City Delhi
Postal code 110092
300 ## - PHYSICAL DESCRIPTION
Extent xxxiv,1028p. :
Dimensions 25cm(pbk)
Other physical details ill.
490 ## - SERIES STATEMENT
Series statement How to program series
500 ## - GENERAL NOTE
General note Includes index
650 ## - SUBJECT ADDED ENTRY--TOPICAL TERM
Topical term or geographic name as entry element C++ (Computer program language)
700 ## - ADDED ENTRY--PERSONAL NAME
Personal name Deitel, Harvey
942 ## - ADDED ENTRY ELEMENTS (KOHA)
Source of classification or shelving scheme Dewey Decimal Classification
Item type English Books
Call number suffix DEI
Classification part 005.133
Holdings
Withdrawn status Lost status Not for loan Collection code Home library Current library Date acquired Source of acquisition Cost, normal purchase price Full call number Barcode Copy number Cost, replacement price Koha item type
    Not For Loan Non-fiction D.B.Act.Division D.B.Act.Division 05/08/2014 DBAD/PUB 795.00 005.133 DEI EN-94135 1 795.00 English Books

© Delhi Public Library
Hit Counter
free hit counter